00778nam a2200193Ia 4500003000900000008004100009020001800050040001600068080002300084111009000107245020800197260004800405300001500453490006100468650001100529650001200540650001000552700002200562IN-BaIIA211028s9999 xx 000 0 eng d a0-521-84907-1 cIIA Library a082.2:52bIAU-C196 aColloquium of the International Astronomical Unionn196thcLancashired2004 June 7-11 0aTransits of venus-new views of the solar system and galaxybproceedings of IAU Colloquium 196 held in Preston, Lancashire, 7-11 June 2004cedited by D. W. Kurtz  aCambridgebCambridge University Pressc2004 axvi, 538p. aIAU symposium and colloquium proceedings series; no. 196 aPlanet aTransit aVenus aKurtz, D. W., ed.